Guess all the Marvel Avengers - Statistics

General Stats
  • This quiz has been taken 137 times
  • The average score is 10 of 15
Answer Stats
Hint Current Marvel Avenger or Ex- Marvel Avenger Answer % Correct
Hammer Current Marvel Avenger Thor
99%
Shield Current Marvel Avenger Captain America
96%
Strong/Big Current Marvel Avenger Hulk
96%
Armor Ex- Marvel Avenger Iron Man
96%
Wakanda Current Marvel Avenger Black Panther
95%
Webs Current Marvel Avenger Spider-Man
95%
No Super powers/ Good with bow and arrow Current Marvel Avenger Hawkeye
88%
Android Ex- Marvel Avenger Vision
71%
Different weapons Ex- Marvel Avenger Black Widow
69%
Superfast Ex- Marvel Avenger Quicksilver
60%
Teleport Ex- Marvel Avenger Scarlet Witch
56%
Armor Current Marvel Avenger War Machine
54%
Flying Current Marvel Avenger Captain Marvel
43%
Vibranium Shield Current Marvel Avenger U.S Agent
18%
Healing Current Marvel Avenger Agent Venom
3%
No matching quizzes found
Score Distribution
Percent of People with Each Score
Percentile by Number Answered
Your Score History
You have not taken this quiz